| 000 | 01049cam a2200313 a 4500 | ||
|---|---|---|---|
| 999 |
_c478701 _d478701 |
||
| 001 | 12805854 | ||
| 003 | NUST | ||
| 005 | 20180710042707.0 | ||
| 008 | 020606s2003 caua b 000 0 eng | ||
| 010 | _a 2002108130 | ||
| 020 | _a9788176495196 | ||
| 035 | _a(DLC) 2002108130 | ||
| 038 | _aArshad | ||
| 040 |
_aDLC _cDLC _dDLC |
||
| 050 | 0 | 0 |
_aHF5718.3 _b.B76 2003 |
| 082 | 0 | 0 |
_a808.06665 _bBRO |
| 100 | 1 |
_aBrock, Susan L. _911527 |
|
| 245 | 1 | 0 |
_aBetter business writing : _btechniques for improving correspondence / _cSusan L. Brock. |
| 250 | _a4th ed. | ||
| 260 |
_aMenlo Park, CA : _bCrisp Publications, _c2003. |
||
| 300 |
_aviii, 94 p. : _bill. ; _c26 cm. |
||
| 490 | 1 | _aA fifty-Minute series book | |
| 504 | _aIncludes bibliographical references (p. 94). | ||
| 650 | 0 |
_aBusiness writing. _911500 |
|
| 830 | 0 |
_aFifty-Minute series. _911528 |
|
| 906 |
_a7 _bcbc _corignew _d2 _eepcn _f20 _gy-gencatlg |
||
| 942 |
_2ddc _cBK |
||